|
|
|
|
| LEADER |
00930nam a2200277 a 4500 |
| 001 |
GR-Patra7928 |
| 008 |
991022s1989 gr 000 b eng d |
| 020 |
|
|
|a 0443040168
|
| 040 |
|
|
|a GrPaTEI
|b gre
|c GR-PaULI
|
| 245 |
0 |
0 |
|a Obstetrics illustrated.
|
| 250 |
|
|
|a 4th ed
|
| 260 |
|
|
|a Edinburgh :
|b Churchill Livingstone,
|c 1989
|
| 300 |
|
|
|a 494σ. :
|b εικ.
|
| 650 |
|
0 |
|a OBSTETRICS
|
| 650 |
|
0 |
|a PREGNANCY
|
| 650 |
|
4 |
|a ΓΥΝΑΙΚΟΛΟΓΙΑ
|
| 650 |
|
4 |
|a ΕΓΚΥΜΟΣΥΝΗ
|
| 650 |
|
4 |
|a ΜΑΙΕΥΤΙΚΗ
|
| 650 |
|
4 |
|a ΜΑΙΕΥΤΙΚΗ
|
| 700 |
1 |
|
|a Callander, Robin
|
| 700 |
1 |
|
|a Miller, Alistair W.
|
| 710 |
0 |
|
|a Churchill Livingstone
|
| 942 |
|
|
|2 ddc
|
| 952 |
|
|
|0 0
|1 0
|2 ddc
|4 0
|6 618_200000000000000_MIL
|7 0
|9 289001
|a LISK
|b LISK
|c BSC
|d 2021-01-17
|e 24
|f 0
|g 0.00
|l 0
|o 618.2 MIL
|p 92410011313
|r 2021-01-17 00:00:00
|t 1
|w 2021-01-17
|y BK15
|x 19991024 0 1
|x GrPaTEI
|
| 971 |
|
|
|a .b26554434
|b 15-04-20
|c 23-09-16
|
| 999 |
|
|
|c 168637
|d 168637
|